[Event "Sigeman & Co"]
[Site "Malmoe"]
[Date "2001.06.15"]
[Round "4"]
[White "Timman, Jan H"]
[Black "De Firmian, Nick E"]
[Result "1-0"]
[WhiteElo "2620"]
[BlackElo "2545"]
[PlyCount "80"]
[EventDate "2001.06.12"]

1. e4 Nf6 2. e5 Nd5 3. d4 d6 4. c4 Nb6 5. f4 dxe5 6. fxe5 Bf5 7. Nc3 e6 8. Nf3
Nc6 9. Be3 Bg4 10. Be2 Bxf3 11. gxf3 Qh4+ 12. Bf2 Qf4 13. c5 Nd5 14. Nxd5 exd5
15. Qd2 Qxd2+ 16. Kxd2 g6 17. f4 Bh6 18. Be3 Ne7 19. Bd3 Nf5 20. Bxf5 gxf5 21.
Rhg1 Kd7 22. Rg3 Rag8 23. b4 Rg6 24. Ke2 Bf8 25. Rg5 Ke6 26. Rh5 h6 27. b5 Be7
28. a4 Ra8 29. Rb1 Bf8 30. Kf3 Rb8 31. Bd2 Be7 32. Be1 Bf8 33. Ba5 b6 34. Bb4
bxc5 35. dxc5 a6 36. bxa6 Bxc5 37. Bxc5 Rxb1 38. a7 Rb3+ 39. Kf2 Rb2+ 40. Ke3
Rgg2 1-0

Event "Sigeman & Co"]
[Site "Malmoe SWE"]
[Date "2001.06.15"]
[Round "4"]
[White "Sokolov, Ivan"]
[Black "Hansen, Curt"]
[Result "1-0"]
[WhiteElo "2659"]
[BlackElo "2619"]
[Annotator "Christian Gabriel"]
[PlyCount "81"]
[EventDate "2001.06.12"]

1. d4 Nf6 2. c4 e6 3. Nc3 3... Bb4 {Die Eroeffnung der Weltmeister!} 4. Qc2 O-O
5. a3 Bxc3+ 6. Qxc3 b6 7. Bg5 Bb7 8. f3 h6 9. Bh4 d5 10. e3 Nbd7 11. cxd5 Nxd5
12. Bxd8 Nxc3 13. Bh4 13... Nd5 {Dieses Endspiel steht im Augenblick hoch im
Kurs. Insbesondere in der Praxis der Top-Leute ist es haeufig zu finden.
Schwarz strebt keinesfalls nur Remis an - Kasparov haette es in dieser
Variante im WM-Match gegen Kramnik 2000 beinahe zu seinem einzigen Sieg
gebracht......} 14. Bf2 c5 (14... Ne7 {Ein Zug aus der unerschoepflichen
Analysekueche von Ivantchuk - er plant den Zug c7-c5 ohne stoerende
Fremdeinwirkung.} 15. Bb5 (15. O-O-O Rfd8 16. Bd3 c5 17. Ne2 cxd4 18. Nxd4 Nc5
19. Bc2 e5 20. Nb5 20... Nd5 {Gurevich-Ivantchuk 2000}) 15... c6 16. Ba4 Rfd8
17. Ne2 c5 18. Bxd7 18... Rxd7 {= Karpov-Ivantchuk 2000}) (14... f5 {Ist ebenfa
lls ein naheliegender Zug - Schwarz erschwert den Vorstoss e3-e4 und schafft
dadurch dem Sd5 eine erhebliche Stuetze.} 15. Bb5 c6 16. Bd3 e5 (16... c5 17.
Ne2 Rac8 18. O-O cxd4 19. Nxd4 Ne5 20. Be2 {+/= Kasparov-Kramnik 1998}) 17. Ne2
Rae8 18. Rc1 exd4 19. exd4 19... N7f6 {= Piket-Karpov1999}) 15. e4 (15. Bb5
Rfd8 (15... N5f6 16. Ne2 a6 17. Ba4 cxd4 (17... b5 18. Bc2 cxd4 19. Nxd4 Rac8
20. O-O-O g6 21. e4 Rc7 22. Kb1 {+/= Ljubojevic-Kramnik 1997}) 18. Nxd4 Nc5 19.
Bc2 e5 20. Nf5 Rfd8 21. Bh4 {+/= Kramnik-Adams 1999}) 16. e4 (16. Ne2 cxd4 17.
Nxd4 a6 (17... Nc5 18. O-O Nc7 19. Bc4 e5 20. Nf5 20... Ba6 {
= Topalov-Kramnik 1998}) 18. Be2 Rac8 19. Rd1 Ne5 20. O-O 20... b5 {
= Shipov-Ionov 2001}) 16... Nc7 $1 (16... Ne7 17. Ne2 cxd4 (17... Bc6 18. Ba6
b5 19. a4 bxa4 20. dxc5 Ne5 21. Nd4 Rab8 22. Bg3 f6 23. O-O-O {
Kasparov-Kramnik 1998}) 18. Nxd4 a6 19. Be2 Nc5 20. b4 Na4 21. O-O 21... e5 {
= Anand-Karpov 1999}) 17. Bxd7 Rxd7 18. dxc5 f5 19. cxb6 19... axb6 {Und Schwar
z steht bereits besser und verpasste spaeter knapp den Sieg in
Kramnik-Kasparov 2000.}) 15... Nf4 {Schwarz spielt aktiv.....der Sf4 hat nach
der Absicht von Hansen eine kurze Zukunft!} (15... Ne7 {
Ist solide und sollte dem Schwarzen gleiches Spiel verschaffen.} 16. Bb5 (16.
Ne2 Rac8 17. Nc3 cxd4 18. Bxd4 Rfd8 19. Be2 Ng6 20. Kf2 20... Nf4 {
= Dive-Xu Jun 2000}) 16... Nc6 17. Ne2 a6 18. Bd3 Rfd8 19. O-O-O cxd4 20. Nxd4
Nxd4 21. Bxd4 Nc5 22. Bc2 Rac8 23. Bc3 23... Bc6 {Gurevich-Lutz 2001}) 16. Bb5
16... Rad8 {Der andere Turmzug sieht plausibler aus, doch nur dieser Zug passt
ins schwarze Konzept.....} (16... Nf6 17. Ne2 Nxe2 18. Kxe2 cxd4 19. Bxd4 Nh5
20. Be3 {+/= Gurevich-Van der Wiel 1993}) (16... Rfd8 17. Ne2 Nxe2 18. Kxe2
cxd4 19. Bxd4 Rac8 20. Rac1 20... Nb8 {Brunner-Almasi 1995}) 17. Ne2 $1 {
Soll nach der Empfehlung von Chekhov nicht richtig sein (wegen derPartiefortset
zung!) - I.Sokolov moechte es jedoch wissen.....} (17. g3 17... Ng6 {
Ist unproblematisch fuer Schwarz.} 18. Rd1 (18. Ne2 f5) 18... f5 19. exf5 exf5
20. h4 cxd4 21. Bxd4 21... Nde5 {Jelen-Onischuk 1996}) 17... Nxg2+ {N Schwarz f
olgt der oben genannten Empfehlung und trifft auf einen gut vorbereiteten
Gegner! Der Springer wird freiwillig preisgegeben, doch Schwarz verspricht
sich einiges Gegenspiel gegen den Koenig.} (17... Nxe2 {Erhaelt von Chekhov
ein Fragezeichen - in der Tat sollte jedoch dieser Zug gespielt werden; Die
Stellung ist spielbar!} 18. Kxe2 {+/=}) 18. Kf1 f5 19. d5 $3 {Ein Bombenzug,
der die schwarze Strategie in Frage stellt. Bisher wurde vorgeschlagen:} (19.
Kxg2 fxe4 20. Nc3 e3 21. Bxe3 21... Rxf3 {-+ Analyse Chekhov.}) 19... exd5 $6 {
Die anderen Moeglichkeiten versprechen wohl mehr Gegenspiel.....Jetzt bleibt
die f-Linie geschlossen (sehr zum Nachteil des Schwarzen)} (19... fxe4 20. dxe6
Rxf3 (20... Ne3+ 21. Bxe3 Rxf3+ 22. Ke1 {+/-}) 21. Kxg2 e3 22. Bh4) (19... a6
20. Bxd7 Rxd7 21. e5 (21. Kxg2 fxe4 22. fxe4 exd5)) 20. exd5 20... Bxd5 $2 {
Schwarz haette seine Figuren besser aktivieren koennen:} (20... Ne5 $1 21. Kxg2
Rxd5 22. Rhe1 Nxf3 (22... Rd2 23. Ng1) 23. Bc4 Nxe1+ 24. Rxe1) 21. Kxg2 Ne5 22.
Ng1 {+/- Material versus Angriffschancen - in der Regel obsiegt die
Verteidigung. (Material verbleibt, Angriff verpufft!)Diese Partie bestaetigt
diese Regel.....} 22... g5 (22... Bb7 23. Re1) 23. Re1 23... Ng6 {
Der Hauch eines Angriffs, den I.Sokolov mit leichter Hand abwehrt......} (23...
Ng4 24. h4 Nxf2 25. Kxf2 g4 26. Rh2) 24. h4 g4 25. h5 Nf4+ 26. Kg3 Ne6 27. Rh4
$5 {Weiss steht bereits aktiver - doch musste hier konkret gerechnet werden.
Weiss moechte die Materialverhaeltnisse aendern.....} (27. Bc6 $5) (27. Re5 $5)
27... Ng5 28. Be3 Bxf3 29. Nxf3 Nxf3 30. Rhh1 Nxe1 31. Rxe1 {Diese Stellung
strebte Weiss an - das Laeuferpaar ist in dieser Stellung recht verlockend!}
31... f4+ $2 {
Schwarz stellt seine Bauern ein und verstaerkt die Wirkung der Laeufer....} (
31... Rf6 32. Bf4) 32. Bxf4 Rd4 33. Rf1 c4 34. Kxg4 Kh7 35. Ba4 a6 36. Bc2+ Kg7
37. Kg3 {+-} 37... Re8 38. Kf3 Re6 39. Bf5 Re8 40. Rg1+ Kf6 41. Bc2 1-0

[Event "Sigeman & Co"]
[Site "Malmoe SWE"]
[Date "2001.06.17"]
[Round "6"]
[White "Sokolov, Ivan"]
[Black "Wedberg, Tom"]
[Result "0-1"]
[WhiteElo "2659"]
[BlackElo "2505"]
[Annotator "Kindermann"]
[PlyCount "76"]
[EventDate "2001.06.12"]

1. d4 Nf6 2. c4 e6 3. Nf3 3... c5 {Tom Wedberg, ein schwedischer Haudegen
alter Schule ist nach laengerer Spielpause in letzter Zeit wieder recht aktiv
geworden. Seine momentan noch relativ geringe Elozahl drueckt nicht sein
wahres schachliches Potential aus. Wedberg ist ein scharfer Angriffsspieler
und Taktiker, wenn er "seine" Stellungen bekommt, muss ihn jeder fuerchten.
Beim sehr starken "Sigemans-Turnier" lag er so auch nach sechs Runden
gemeinsam mit Pia Cramling vor so klangvollen Namen wie Ivan Sokolow, Curt
Hansen, Jan Timman und Boris Gulko in Front! Seiner alten Liebe, der sehr
scharfen Benoni-Verteidigung ist er treu geblieben:} 4. d5 d6 5. Nc3 exd5 6.
cxd5 g6 7. h3 Bg7 8. e4 O-O 9. Bd3 {Nachfolgend sind der Uebersicht halber
sowohl der Text als auch die Analysen zum vorliegenden Abspiel aus meiner auf
Chessgate veroeffentlichten Watson-Benoni-Rezension eingefuegt:  " Dies galt
viele Jahre als absolutes "Killerabspiel" das den Schwarzspielern die Freude
an "ihrer Benoni" gaenzlich verdarb. Gerade hier beeindruckt mich Watsons
Ansatz besonders, obwohl mein Schachgefuehl sich zunaechst dagegen straeubt.}
9... Nh5 {Das ist Watsons in seinem juengst erschienenen Repertoirebuch "The
Gambit Guide to the Modern Benoni" empfohlenes Rezept! Wedberg hat offenbar
Watsons Buch studiert, es kommt zur Feuerprobe auf hoechstem Niveau gegen
einen superstarken Gegner, der als einer der gefaehrlichsten 1.d4-Spieler der
Welt gilt:} ({
Nachfolgend noch etwas interessantes theoretisches Material zum Thema:} 9... a6
10. a4 Nh5 11. O-O Nd7 12. Bg5 Bf6 13. Be3 Re8 14. Re1 (14. Rb1 Bg7 15. Re1 Rb8
16. Qd2 Qa5 17. Qc2 b5 18. axb5 axb5 19. Ra1 Qb4 20. Ra7 Ne5 21. Nxe5 Bxe5 22.
Rb1 c4 23. Na2 Qb3 24. Qxb3 cxb3 25. Nb4 f5 26. Nc6 Rb7 27. Rxb7 Bxb7 28. exf5
gxf5 29. Bxf5 Bg7 30. Ra1 Bxb2 31. Rb1 Bg7 32. Rxb3 Ba6 33. Ra3 Ra8 34. Bd3 Bb2
35. Ra2 Bc3 36. Bxb5 Bb7 37. Rxa8+ Bxa8 38. Kf1 Nf6 39. Bc4 Bb2 40. Ke2 Kf7 41.
f4 Ke8 42. Kd3 Kd7 43. Nb4 h5 44. g3 Bb7 45. Bd4 Bxd4 46. Kxd4 Bc8 47. Nc2 Ke7
48. Bf1 Kf7 49. Ne3 Ke7 50. Bg2 Kd8 51. Nd1 Ng8 52. Bf3 Ne7 53. Ne3 h4 54. g4
Ba6 55. f5 {1-0 Khalifman,A-Suba,M/London 1991/CBM 24 (55)}) (14. g4 Ng7 15. g5
Be7 16. h4 Bf8 17. Kg2 Rb8 18. Rb1 Nh5 19. Be2 b5 20. axb5 axb5 21. b4 Bg7 22.
Nxb5 Rxe4 23. Nxd6 Rg4+ 24. Kh1 cxb4 25. Nxc8 Rxc8 26. Rg1 Ne5 27. Bd4 Rxd4 28.
Nxd4 Qxd5+ 29. Bf3 Qd7 30. Bg4 Nxg4 31. Qxg4 Qd5+ 32. Nf3 Rc3 33. Rgd1 Qxf3+
34. Qxf3 Rxf3 35. Rd8+ Bf8 36. Rxb4 Ng7 37. Kg2 Rf5 38. Rdb8 Ne6 39. R4b5 Rf4
40. Kg3 Kg7 41. f3 Rf5 42. R5b6 Bc5 43. Ra6 h6 44. gxh6+ Kxh6 45. Rh8+ Kg7 46.
Rc8 Rd5 47. Ra4 Rd2 48. Rc6 Bd6+ 49. f4 Nd4 50. Rca6 Nf5+ 51. Kf3 51... Nxh4+ {
0-1 Mozetic,D-Pavlovic,M/Igalo 1994/EXT 2000 (51)}) 14... Bg7 (14... Rb8 15.
Nd2 Bd4 16. Nf3 Bxe3 17. Rxe3 Qf6 18. Bf1 Ne5 19. Nxe5 Qxe5 20. Rb1 Bd7 21. b4
cxb4 22. Rxb4 Rbc8 23. Qb3 b5 24. axb5 axb5 25. Qb2 Nf6 26. Bxb5 Bxb5 27. Rxb5
Rc4 28. Rb4 Rec8 29. Rxc4 Rxc4 30. g3 Nxe4 31. Qb8+ Kg7 32. Rxe4 Rxe4 33. Nxe4
Qxe4 34. Qxd6 Qe1+ 35. Kg2 Qe4+ 36. Kh2 Qd4 37. Kg1 h5 38. h4 Qd1+ 39. Kg2 Qd4
40. Qc6 Qe4+ 41. Kh2 Qd4 42. Kg1 Qd1+ 43. Kg2 Qd4 44. d6 Kf6 45. Qc7 Qe4+ 46.
Kh2 Qd4 47. Kg2 Qd5+ 48. Kg1 Qd1+ 49. Kh2 49... Qd4 {
1/2-1/2 Malaniuk,V-Zakharov,A/Tula  1999/EXT 2000 (49)}) 15. Rc1 Qe7 16. Qd2
Qf8 17. Re2 Rb8 18. Qe1 {1/2-1/2 Babula,V-Fercec,N/Pula op  sp01/6 2001 (18)})
(9... b5 {leitet die theoretische Hauptvariante ein, die als etwas besser fuer
Weiss gilt.} 10. Nxb5 (10. Bxb5 Nxe4 11. Nxe4 Qa5+ 12. Nfd2 Qxb5 13. Nxd6 Qa6
14. N2c4 Rd8 15. Qe2 Bb7 16. Nxb7 Qxb7 17. Ne3 17... Qb4+ $11) 10... Re8 11.
O-O Nxe4 12. Re1 a6 13. Qa4 Bd7 14. Qa3 Qb6 15. Nc3 Nxc3 16. Rxe8+ Bxe8 17.
bxc3 Nd7) 10. O-O 10... Nd7 {Schwarz bereitet den Springerzug nach e5 vor und
provoziert den Weissen zum Aufzug des g-Bauern. In der Folge entbrennt der
Kampf um die zentralen Schluesselfelder e5 und f4.} 11. Bg5 (11. Re1 Ne5 (11...
Re8 $5 12. Be3 Ne5 13. Nxe5 Bxe5 14. Qd2 $14 {Watson} 14... a6 $1 {hier bin ich
einmal optimistischer, was die schwarzen Aussichten betrifft und glaube, dass
der Nachziehende ordentliches Spiel erhaelt.} 15. a4 (15. f4 Bg7 16. a4 Qh4)
15... Qf6 16. Bg5 16... Bf4 {sollte ok fuer Schwarz sein.}) 12. Be2 Nxf3+ 13.
Bxf3 Qh4 14. Bxh5 gxh5) (11. g4 Nhf6 12. Bf4 Qe7 13. Re1 13... Ne8 {und tatsaec
hlich wird der weisse Raumvorteil wohl durch seine geschwaechte
Koenigsstellung aufgewogen.} (13... h5 $5 {wird von Watson auch untersucht.} {
ich haette allerdings etwas Angst vor} 14. Nb5 $5 14... Ne5 (14... Ne8 15. gxh5
gxh5 (15... Ndf6 $5) 16. Ng5) 15. Nxe5 dxe5 16. d6)) 11... Bf6 12. Be3 Re8 13.
Nd2 {Sokolov ist anderer Meinung als ich selbst in meiner Rezension.} (13. Rb1
{Dies erschien mir als plausibelster weisser Plan.} 13... a6 (13... Ne5 {
gefaellt mir besser, da die Schwaechung des Feldes b6 vermieden wird.} 14. Be2
Nxf3+ 15. Bxf3 Ng7) 14. a4 Ne5 15. Be2 Nxf3+ 16. Bxf3 16... Ng7 {Diese Eigenart
des Abspiels stiess mich zunaechst ab, steht der Springer nicht einfach
furchtbar schlecht? Tatsaechlich kann dies als eine Art von positionellem
Opfer des Springers betrachtet werden, steht doch dafuer der Rest seiner Armee
gut. In Form des Vorstosses ...f5 verfuegt der Springer auch ueber das
dynamische Potential, ueber f5 nach d4 zu gelangen, notfalls kann er spaeter
ueber e8 reaktiviert werden. Zu beachten ist ein anderes Stellungsmerkmal: In
Wahrheit ist der weisse Springer auf c3 ebenfalls sehr schlecht postiert und
erfuellt reine Deckungsaufgaben! Wenn dieser Springer allerdings auf c4
auftaucht, ist Schwarz haeufig erledigt!} 17. Bf4 Be5 18. Bxe5 Rxe5 19. b4 b6
20. bxc5 (20. a5 cxb4 21. Rxb4 bxa5 22. Ra4 Bd7 23. Ra3 Rc8) 20... bxc5 (20...
dxc5 $2 {Absicht ...Se8-d6 was von Watson als alternative Moeglichkeit
angefuehrt wird, scheint mir tatsaechlich ein furchtbarer positioneller Fehler
zu sein, droht nun doch der Weisse mit f4 und e5!} 21. Be2 Re8 22. f4 $16) 21.
Be2 21... f5 {Watson, und Schwarz ist ok!}) 13... Bd4 $1 {ein typisches und
wichtiges Kampfmittel, Schwarz trennt sich von seinem wichtigen
Fianchettolaeufer, gewinnt dafuer aber (zunaechst) den Kampf um die
Schluesselfelder.} (13... a6 14. a4 Bd4 15. Bxd4 cxd4 16. Ne2 Nc5 17. Ra3 Bd7
18. Bc2 d3 19. Bxd3 Bxa4 20. Rxa4 Nxd3 21. Rd4 {
Krasenkow-Oliwa, Polnische Meisterschaft 1996} 21... Nhf4 $1 {Watson} 22. Nxf4
(22. Nc3 Nxb2 23. Qb3 Qg5 24. g3 Rac8) 22... Nxf4 23. Qf3 Qg5 24. Nc4 Rad8 25.
g3 $6 25... Qf6) 14. Re1 Bxe3 15. Rxe3 Ne5 16. Bf1 16... Nf4 {Das Szenario der
naechsten Zuege ist klar: Weiss wird versuchen, die schwarze Kavallerie zu
tauschen oder zu vertreiben.} 17. Nf3 a6 18. a4 18... h6 $1 {ein wichtiger Zug,
Schwarz bereitet den Zug ...g5 vor, der eine wichtige Rolle im Kampf um das
Feld f4 spielt. Auf keinen Fall darf Schwarz zulassen, dass Weiss in der Folge
ohne weitere Konzessionen zu f2-f4 kommt!} (18... g5 $6 {
hat einen taktischen Haken:} 19. Nxg5 $1 19... Qxg5 20. Rg3 Bg4 21. hxg4) 19.
a5 $6 {Dieser Zug gefaellt mir gar nicht, da die spaeter folgende Oeffnung der
b-Linie Schwarz starke Initiative am Damenfluegel einraeumt. Das geringere
Uebel stellt es in solchen Positionen dar, ...b7-b5 zu erlauben.} (19. Kh2 g5 (
19... Bg4 20. hxg4 Nxg4+ 21. Kg1 Nxe3 22. fxe3 Nh5) 20. Nxe5 Rxe5 21. g3) 19...
Rb8 20. Kh2 $1 {
nur so kommt Weiss weiter, durch die Deckung von h3 bereitet er g2-g3 vor.}
20... g5 $1 {
raeumt das gute Feld g6 fuer den Springer und verhindert den weissen Aufzug f4.
} (20... Bg4 {waere eine interessante taktische Idee, siehe oben.}) 21. Nxe5
Rxe5 22. g3 Ng6 23. Bg2 23... b6 $1 {Natuerlich, so erhaelt Schwarz starken
Druck auf der b-Linie, was Weiss zum Handeln im Zentrum zwingt, will er nicht
ins Hintertreffen geraten. Dies macht einen Reiz der Benoniverteidigung aus,
Weiss kann nicht "einfach stillhalten"!} 24. Qd2 (24. axb6 Rxb6) 24... bxa5 25.
f4 $1 {so schafft Weiss den thematischen Vorstoss. Schwarz hat jedoch bereits
einige Truempfe aufzuweisen und die weissen Leichtfiguren sind nicht
sonderlich gut postiert.} 25... Re8 $1 (25... gxf4 26. gxf4 Nxf4 27. Rg3+ Ng6
28. Qxh6 {waere gefaehrlich fuer Schwarz.}) 26. Rf1 26... Rb4 $1 {ein starker
Vorposten fuer den Turm, vor allem entfaltet er nun auch einige zentrale
Wirkung und beobachtet in vielen Abspielen den Bauern auf f4. Weiss verfuegt
nur ueber einen prinzipiellen Plan: Den Durchbruch e4-e5. Fraglich ist jedoch,
wie dieser am effektivsten vorzubereiten ist und wie die Konsequenzen sein
werden...} 27. Qf2 (27. e5 $6 27... gxf4 $1 (27... dxe5 28. fxg5) 28. gxf4 dxe5
29. fxe5 Rxe5 30. Rxe5 30... Qd6 $1) 27... Qe7 28. fxg5 (28. e5 $2 28... gxf4)
28... hxg5 29. e5 $1 {Nach klarer und verstaendlicher strategischer Vorarbeit
beider Seiten beginnt jetzt der taktische Nahkampf. Wessen Konzept wird sich
durchsetzen?} 29... Nxe5 30. Rxe5 dxe5 31. d6 {Um den Preis schwerer
Materialopfer erwachen die weissen Figuren zu sprunghafter Aktivitaet und es
ist ein gewaltiger Freibauer entstanden.} 31... Qf8 (31... Qe6 $6 32. Nd5) 32.
Bd5 $6 {Nun beginnt Sokolov den Faden zu verlieren.} (32. Nd5 $1 {
erscheint staerker, wonach der Ausgang der Partie voellig offen ist.} 32... f5
33. Nxb4 cxb4 34. Qd2 Qg7 35. Rc1) 32... Re6 $1 {
vielleicht hatte Sokolov diese Ressource unterschaetzt!?} (32... Be6 33. d7
Bxd7 34. Bxf7+) 33. Qd2 $2 {wohl der entscheidende Fehler.} (33. Bxe6 Bxe6 34.
d7 $1 {und Weiss ist imer noch "voll im Geschaeft"} 34... Bxd7 (34... Rd4 35.
Qe3) (34... f5) 35. Nd5 Rd4 36. Nf6+ Kg7 37. Qe3) 33... Qxd6 $1 34. Qxg5+ Kf8
35. Rf2 35... Rg6 $1 {
sehr kaltbluetig, der Einschlag auf f7 erweist sich als Papiertiger.} 36. Rxf7+
Ke8 37. Qd2 (37. Qh5 Rxb2+ 38. Kh1 Be6) 37... e4 38. Rf4 38... Be6 {ein faszini
erendes Duell, das Chancen und Risiken der Benoni-Verteidigung hervorragend
demonstriert und gleichzeitig eine weitere Empfehlung fuer Watsons Werk
darstellt!} 0-1